| 000 | 01003cam a22003257a 4500 | ||
|---|---|---|---|
| 003 | CHAP | ||
| 005 | 20220329140227.0 | ||
| 008 | 971013s r 00010 d | ||
| 010 | _a48880 | ||
| 011 | _a49852 | ||
| 035 | _a54002 | ||
| 040 | _cCHAP | ||
| 082 |
_a633 _bC8 v.1 |
||
| 100 | 0 | 0 |
_aRivas Tagle, Antonino. _997580 |
| 245 | 0 | _aAlmacenamiento de la semilla de maíz | |
| 260 |
_aSan Jacinto : _bDirección General de Agricultura, _c(s.a.) |
||
| 300 | _a15 p. | ||
| 490 | 0 |
_aCultivos diversos _v; v.1 |
|
| 501 | _aEnc. con otros impresos similares | ||
| 590 |
_aBATCH-UPD _b10 _c20130110 _lUCH01 _h1428 |
||
| 590 |
_aBATCH-UPD _b10 _c20130410 _lUCH01 _h0906 |
||
| 590 |
_aBATCH-UPD _b10 _c20130914 _lUCH01 _h1746 |
||
| 590 |
_aCONVERSION _b10 _c20130109 _lUCH01 _h1327 |
||
| 650 | 1 | 4 |
_aMaíz _xAlmacenamiento. _970853 |
| 650 | 1 | 4 |
_aMaíz _xSemilla. _971059 |
| 830 | 0 |
_aCultivos diversos _v; v.1 _930375 |
|
| 901 | _aBK | ||
| 942 | _cLIBRO | ||
| 949 |
_a633 C8 v.1 _bBC _cBPP _d-119384 _eBPP _i54002 _si |
||
| 999 |
_c48880 _d48880 |
||